Trendy využitia IKT v cestovnom ruchu a ekonomické dôsledky diplomová práca

Uložené v:
Podrobná bibliografia
Hlavný autor: Riapošová, Mária
Korporativný autor: Obchodná fakulta EU. Katedra služieb a cestovného ruchu - zrušené
Ďalší autori: Benešová, Dana, 1958-
Médium: Kniha
Jazyk:Slovak
Vydavateľské údaje: Bratislava 2018
Tagy: Pridať tag
Žiadne tagy, Buďte prvý, kto otaguje tento záznam!

MARC

LEADER 00000nbm a2200000 4500
001 0243271
005 20180904143356.3
041 0 |a slo 
044 |a SK 
245 1 0 |a Trendy využitia IKT v cestovnom ruchu a ekonomické dôsledky  |b diplomová práca  |c Mária Riapošová ; školiteľ: Dana Benešová 
264 1 |a Bratislava  |c 2018 
300 |a 65 s. 
100 1 |a Riapošová, Mária 
700 1 |a Benešová, Dana, 1958- 
710 2 |a Obchodná fakulta EU. Katedra služieb a cestovného ruchu - zrušené